<?xml version="1.0" encoding="UTF-8"?>
<record
    xmlns:xsi="http://www.w3.org/2001/XMLSchema-instance"
    xsi:schemaLocation="http://www.loc.gov/MARC21/slim http://www.loc.gov/standards/marcxml/schema/MARC21slim.xsd"
    xmlns="http://www.loc.gov/MARC21/slim">

  <leader>01842nam a2200205 a 4500</leader>
  <controlfield tag="008">180221e2009    sp ||||g |||| 00| 1 spa d</controlfield>
  <datafield tag="020" ind1=" " ind2=" ">
    <subfield code="a">9789875664548</subfield>
  </datafield>
  <datafield tag="041" ind1=" " ind2=" ">
    <subfield code="a">spa</subfield>
  </datafield>
  <datafield tag="092" ind1=" " ind2=" ">
    <subfield code="c">808</subfield>
    <subfield code="l">95</subfield>
    <subfield code="s">WEI</subfield>
  </datafield>
  <datafield tag="100" ind1="1" ind2=" ">
    <subfield code="a">Weisberger, Lauren</subfield>
    <subfield code="9">4123</subfield>
  </datafield>
  <datafield tag="245" ind1="3" ind2=" ">
    <subfield code="a">El diablo viste a la moda /</subfield>
    <subfield code="c">Lauren Weisberger</subfield>
  </datafield>
  <datafield tag="250" ind1=" " ind2=" ">
    <subfield code="a">1a ed.</subfield>
    <subfield code="b">Traducci&#xF3;n Matura Fern&#xE1;ndez de Villavivencio</subfield>
  </datafield>
  <datafield tag="260" ind1=" " ind2=" ">
    <subfield code="a">Buenos Aires:</subfield>
    <subfield code="b">debolsillo;</subfield>
    <subfield code="c">2009.</subfield>
  </datafield>
  <datafield tag="300" ind1=" " ind2=" ">
    <subfield code="a">400 p.</subfield>
    <subfield code="c">19x13 cm.</subfield>
  </datafield>
  <datafield tag="500" ind1=" " ind2=" ">
    <subfield code="a">Weisberger, L. (2009). El diablo viste a la moda. (1a ed.). Buenos Aires : debolsillo.</subfield>
  </datafield>
  <datafield tag="505" ind1=" " ind2=" ">
    <subfield code="a">La insistente voz de Miranda Priestly persigue a Andrea hasta en sue&#xF1;os: "An-dre-aaa?". &#xBF;Es este el trabajo con el que so&#xF1;aba al salir de la universidad? &#xBF;Es este el trabajo por el cual tiene que estar agradecida y sentirse tan afortunada? Si, es la nueva asistente personal de Miranda, la legendaria editora de la revista femenina m&#xE1;s glamorosa de Nueva York. Ella dicta la moda en el mundo entero. Millones de lectoras siguen fielmente sus recomendaciones; sus empleados y colaboradores la consideran un genio; los grandes creadores le temen. Todos, sin excepci&#xF3;n, la veneran. Todos menos Andrea, que no se deja enga&#xF1;ar por este escaparate de dise&#xF1;o y frivolidad tras el que se agazapa un diablo que viste un traje de Prada (exclusivo, por supuesto), calza unos Manolo Blahnik y siempre luce un pa&#xF1;uelo de Hermes. Una novela hilarante que da un nuevo sentido a esas quejas que a veces circulan sobre un "jefe que es el diablo en persona". Narrada por la voz fresca, joven, inteligente y rebelde de Andrea, El diablo viste a la moda nos descubre el lado profundo, oscuro y diab&#xF3;lico de la vida en las oficinas del gran imperio que el mundo de la moda. </subfield>
  </datafield>
  <datafield tag="590" ind1=" " ind2=" ">
    <subfield code="a">Donacion Otero Moreno, Camilo/Marzo 2020</subfield>
  </datafield>
  <datafield tag="655" ind1=" " ind2=" ">
    <subfield code="a">Literatura</subfield>
    <subfield code="9">2917</subfield>
  </datafield>
  <datafield tag="942" ind1=" " ind2=" ">
    <subfield code="2">ddc</subfield>
    <subfield code="c">LIT</subfield>
  </datafield>
  <datafield tag="999" ind1=" " ind2=" ">
    <subfield code="c">3076</subfield>
    <subfield code="d">3076</subfield>
  </datafield>
  <datafield tag="952" ind1=" " ind2=" ">
    <subfield code="0">0</subfield>
    <subfield code="1">0</subfield>
    <subfield code="2">ddc</subfield>
    <subfield code="4">0</subfield>
    <subfield code="7">0</subfield>
    <subfield code="a">BFM</subfield>
    <subfield code="b">BFM</subfield>
    <subfield code="c">CR</subfield>
    <subfield code="d">2020-03-03</subfield>
    <subfield code="e">Donaci&#xF3;n Otero Morales, Camilo. Marzo 2020</subfield>
    <subfield code="l">0</subfield>
    <subfield code="o">808 95 WEI</subfield>
    <subfield code="p">4628</subfield>
    <subfield code="r">2020-03-03</subfield>
    <subfield code="t">Ej. 1</subfield>
    <subfield code="w">2020-03-03</subfield>
    <subfield code="y">LIT</subfield>
    <subfield code="z">Donaci&#xF3;n Otero Morales, Camilo. Marzo 2020</subfield>
  </datafield>
</record>
